Marching with a billion : (Record no. 6796)

MARC details
000 -LEADER
fixed length control field 00561nam a2200145 4500
001 - CONTROL NUMBER
control field 7909
005 - DATE AND TIME OF LATEST TRANSACTION
control field 20181127184639.0
020 00 - INTERNATIONAL STANDARD BOOK NUMBER
International Standard Book Number 9780670089208
100 00 - MAIN ENTRY--PERSONAL NAME
Personal name Mahurkar, Uday.
245 00 - TITLE STATEMENT
Title Marching with a billion :
Remainder of title analysing Narendra Modi's government at midterm /
Statement of responsibility, etc. Uday Mahurkar ; foreword by Klaus Schwab.
Medium
300 00 - PHYSICAL DESCRIPTION
Extent xliv, 234 pages, 16 unnumbered pages of plates : color illustrations ; 23 cm.
650 ## - SUBJECT ADDED ENTRY--TOPICAL TERM
Topical term or geographic name entry element India -- Politics and government -- 21st century.
Form subdivision
General subdivision
Chronological subdivision
Geographic subdivision
Source of heading or term
Topical term or geographic name entry element India -- Economic conditions.
General subdivision
Topical term or geographic name entry element Modi, Narendra, -- 1950-
General subdivision
Holdings
Withdrawn status Lost status Source of classification or shelving scheme Damaged status Not for loan Collection code Home library Current library Shelving location Serial Enumeration / chronology Inventory number Total Checkouts Full call number Barcode Date last seen Price effective from Koha item type
    Dewey Decimal Classification     Main TEST RTC Library RTC Library Main opac 11946   307.12 MAH 30012917 27/11/2018 27/11/2018 Main
Royal Thimphu College || All Right Reserved